| 000 | 02093cam a22002054a 4500 | ||
|---|---|---|---|
| 005 | 20250605164038.0 | ||
| 008 | 250528s ||||||||||||||||||||||||d | ||
| 035 | _a16905 | ||
| 020 | _a9604055976 | ||
| 040 |
_aGR-AtMCL _bgre _dGR-AtMCL _eAACR2 |
||
| 245 | 1 |
_aΨυκτικές Εγκαταστάσεις Ι. _nΑ' Τόμος: Τρίτη Έκδοση |
|
| 260 |
_bΊων, _c1994 |
||
| 300 | _a298 | ||
| 520 | _aΤο παρόν βιβλίο παρέχει στο σπουδαστή μια ολοκληρωμένη εικόνα και πρακτικές πληροφορίες που αφορούν τις τελευταίες εξελίξεις στα όργανα, τα εργαλεία και την τεχνολογία στον τομέα της ψύξεως και του κλιματισμού. Εισαγωγή, Ψύξη, Εισαγωγή στην Ψύξη, Ψυκτικά Συστήματα και Κυκλώματα και Κατάσταση Αυτών, Εργαλεία και Υλικά της Ψύξης, Εργαλεία Ψύξης και Εξοπλισμός Ελέγχου, Υλικά και Εξαρτήματα της Ψύξης, Μετάδοση και Θερμοκρασία, Η Φύση και η Επίδραση της Θερμικής Ενέργειας στην Ψύξη, Βασικές Μέθοδοι Μεταφοράς Θεμότητας, Η Επίδραση της Αισθητής Θερμοκρασίας στο Ψυκτικό Μέσο, Λανθάνουσα Θερμότητα και Πίεση στην Ψύξη, Η Καρδιά του Ψυκτικού Συστήματος, Ο Συμπιεστής στα Μηχανικά Ψυκτικά Συστήματα, Εξατμιστές, Συμπυκνωτές, Συσκευές Ελέγχου των Ψυκτικών Μέσων, Ψυκτικά Μέσα και Αφυγραντήρες, Αρχές Πλήρωσης και Ελέγχου των Ψυκτικών Συστημάτων. | ||
| 700 | 1 |
_aOlivo Thomas C _92997 |
|
| 700 | 1 |
_aΠαρίκος Γ _92625 |
|
| 942 | _cBK | ||
| 999 |
_c2355 _d2355 |
||